| 000 | 00573nam a2200193 4500 | ||
|---|---|---|---|
| 001 | 14139 | ||
| 003 | ES-MaACL | ||
| 005 | 20230906150731.0 | ||
| 007 | t| | ||
| 008 | 981007s1980 it af |||| |bita d | ||
| 080 | _a929 Malaparte, Curzio | ||
| 100 | 1 |
_aGuerri, Giordano Bruno. _932202 |
|
| 245 | 1 | 2 |
_aL'arcitaliano _b: vita di Curzio Malaparte / _cGiordano Bruno Guerri. |
| 250 | _a1ª ed. | ||
| 260 |
_aMilano : _bBompiani, _c1980. |
||
| 300 |
_a330 p., [16] p. de lám. ; _c22 cm. |
||
| 600 | 1 | 4 |
_aMalaparte, Curzio- _xBiografías. _975688 |
| 852 |
_aES-MaACL _jL-21383 |
||
| 999 |
_c14139 _d14139 |
||